000 00512cam a22001814a 4500
005 20250605163538.0
008 250528s ||||||||||||||||||||||||d
035 _a21481
040 _aGR-AtMCL
_bgre
_dGR-AtMCL
_eAACR2
245 1 _aΔΗΜΟΣΙΕΣ ΣΧΕΣΕΙΣ ΚΑΙ ΕΛΛΗΝΙΚΗ ΠΡΑΓΜΑΤΙΚΟΤΗΑΤΑ
250 _a1
260 _bΑυτοεκδοση,
_c1990
300 _a263
700 1 _aΣκλαβουνης Γιωργος Ν
942 _cBK
999 _c6543
_d6543